01008nam a2200241 i 450000100060000000300090000600500170001500700030003200800410003502000180007608000150009410000500010924501450015926000450030430000300034949000730037950400300045270000480048283000780053085200210060899900170062995201200064674078ES-MaACL20250801090222.0t|040915s1977 sp ||||1| spa d a84-265-7205-7 a860-22"17"1 aGonzález del Castillo, Juan Ignacio.95858313aEl café de Cádiz y otros sainetes / cJuan Ignacio González del Castillo ; edición, introducción y notas, Carmen Bravo-Villasante. aMadrid : bMagisterio Español, c1977. a281 p. : bil. ; c18 cm.1 aNovelas y cuentos ; v203. Literatura española. Teatro siglo XVIII aBibliografía: p. 22-23.1 aBravo-Villasante, Carmen,d1918-199493150710aNovelas y cuentosv203. Literatura española. Teatro siglo XVIII9179596 aES-MaACLjA-8235 c74078d74078 00104070aATENEOMbATENEOMcSPP1d2008-01-17eSCl0oA-8235p1077542r2023-02-23 00:00:00w2023-02-23yMONOGRAFIA